| 000 | 00784cam a2200265 a 4500 | ||
|---|---|---|---|
| 001 | 000011767 | ||
| 005 | 20200929162546.0 | ||
| 008 | 820826s1980 sp a b 000 0 spa | ||
| 010 | _a81102639 | ||
| 015 | _aSp*** | ||
| 020 | _a843760253X | ||
| 040 |
_aDO-SdBNP _cDLC _dDLC |
||
| 082 |
_a415 _bL864p |
||
| 100 | 1 |
_aLópez García, Angel, _d1949- _927832 |
|
| 245 | 1 | 0 |
_aPara una gramática liminar / _cAngel López García. |
| 260 |
_aMadrid : _bCátedra, _c1980. |
||
| 300 |
_a221 p. : _bill. ; _c21 cm. |
||
| 490 | 1 | _aLinguística | |
| 504 | _aBibliography: p. 213-221. | ||
| 650 | 4 |
_aEspañol _xGramática generativa _927833 |
|
| 650 | 4 |
_aLinguística _91604 |
|
| 830 | 0 |
_aLinguística (Ediciones Catedra) _927834 |
|
| 910 | _aCatalogación por copia / LC | ||
| 049 | _aBNGR | ||
| 999 |
_c11441 _d11441 |
||